Notas para una monografía de Potos flavus (<Mammalia: Carnivora>) en Colombia (Registro nro. 14624)

Detalles MARC
000 -CABECERA
Campo de control 003370000a22001090004500
090 ## - CLASIFICACIÓN LOCAL
Colección AS
Consecutivo Seriadas
041 0# - IDIOMA
Código de idioma para texto/pista de sonido o título separado
100 1# - ASIENTO PRINCIPAL--NOMBRE PERSONAL
Nombre personal Hernández Camacho, Jorge Ignacio
245 10 - MENCION DE TITULO
Título Notas para una monografía de Potos flavus (<Mammalia: Carnivora>) en Colombia
773 1# - Item fuente:
Título Caldasia
Especificación de materiales 45
Descripción física 55
Paginas del Articulo 147-181
Lugar, editorial y fecha de publicación 1977
Información sobre la relación 11
942 ## - ELEMENTOS ADICIONALES (KOHA)
Tipo de ítem Artículo

No hay ítems disponibles.